Marketing (Record no. 16709)

MARC details
000 -LEADER
fixed length control field 00542nam a22002057a 4500
003 - CONTROL NUMBER IDENTIFIER
control field OSt
005 - DATE AND TIME OF LATEST TRANSACTION
control field 20180316154053.0
008 - FIXED-LENGTH DATA ELEMENTS--GENERAL INFORMATION
fixed length control field 180316b xxu||||| |||| 00| 0 eng d
020 ## - INTERNATIONAL STANDARD BOOK NUMBER
International Standard Book Number 9781259573545
040 ## - CATALOGING SOURCE
Transcribing agency KABU
050 ## - LIBRARY OF CONGRESS CALL NUMBER
Classification number HF 5415
Item number .K47 2017 C.1
100 ## - MAIN ENTRY--PERSONAL NAME
Personal name Kerin, Roger A.
245 ## - TITLE STATEMENT
Title Marketing
Statement of responsibility, etc. Roger A. Kerin and Steven W. Hartley
250 ## - EDITION STATEMENT
Edition statement 13th ed.
260 ## - PUBLICATION, DISTRIBUTION, ETC. (IMPRINT)
Place of publication, distribution, etc. New York
Name of publisher, distributor, etc. McCrow Hill Education
Date of publication, distribution, etc. 2017
300 ## - PHYSICAL DESCRIPTION
Extent xliii, 719p.
650 ## - SUBJECT ADDED ENTRY--TOPICAL TERM
Topical term or geographic name as entry element Marketing
700 ## - ADDED ENTRY--PERSONAL NAME
Personal name Steven W. Hartley
942 ## - ADDED ENTRY ELEMENTS (KOHA)
Source of classification or shelving scheme Library of Congress Classification
Koha item type General Collection
Holdings
Withdrawn status Lost status Source of classification or shelving scheme Not for loan Home library Current library Date acquired Inventory number Total Checkouts Total Renewals Full call number Barcode Date last seen Date last checked out Copy number Price effective from Koha item type Serial Enumeration / chronology
    Library of Congress Classification   Kabarak, Main Campus Kabarak, Main Campus 16/03/2018 2018/2141 7 2 HF 5415 .K47 2017 C.1 024764 13/09/2021 25/06/2021 C. 1 16/03/2018 General Collection  
    Library of Congress Classification   Kabarak, Main Campus Kabarak, Main Campus 16/03/2018       KTC HF 5415 .K47 2017 C.1 024766 16/03/2018   C. 1 16/03/2018 General Collection 2018/2142
Designed with assistance from East African Informatics Ltd